| Tag |
First Indicator |
Second Indicator |
Subfields |
| LEADER |
00000cam a2200000 a 4500 |
| 001 |
in00001402274 |
| 005 |
20151020054123.0 |
| 008 |
970616s1997 caua 001 0 eng |
| 010 |
|
|
|a 97023828
|
| 020 |
|
|
|a 0761511717
|
| 035 |
|
|
|a (OCoLC)37187446
|
| 035 |
|
|
|9 AHN0460AM
|
| 040 |
|
|
|a DLC
|c DLC
|d TXA
|d UtOrBLW
|
| 043 |
|
|
|a n-us---
|
| 049 |
|
|
|a TXAM
|
| 050 |
0 |
0 |
|a HE8846.E95
|b R63 1997
|
| 082 |
0 |
0 |
|a 384/.06/573
|2 21
|
| 100 |
1 |
|
|a Robinson, James W.,
|d 1954-
|
| 245 |
1 |
4 |
|a The Excel phenomenon :
|b the astonishing success story of the fastest-growing communications company--and what it means to you /
|c James W. Robinson ; foreword by Kenny A. Troutt.
|
| 264 |
|
1 |
|a Rocklin, CA :
|b Prima Publishing,
|c [1997]
|
| 264 |
|
4 |
|c ©1997
|
| 300 |
|
|
|a xxiii, 225 pages :
|b illustrations ;
|c 23 cm.
|
| 336 |
|
|
|a text
|b txt
|2 rdacontent
|
| 337 |
|
|
|a unmediated
|b n
|2 rdamedia
|
| 338 |
|
|
|a volume
|b nc
|2 rdacarrier
|
| 500 |
|
|
|a Includes index.
|
| 610 |
2 |
0 |
|a Excel Communications.
|
| 650 |
|
0 |
|a Telephone
|z United States
|x Long distance.
|
| 650 |
|
0 |
|a Telecommunication
|z United States.
|
| 948 |
|
|
|a C:BLW
|d 20030415
|
| 999 |
|
|
|a MARS
|
| 999 |
f |
f |
|s c24a6c20-ed2e-3b68-9341-0f0a7c0c4a7e
|i 5dbfedc3-cf2f-3908-ad44-3eb67e51a894
|t 0
|
| 952 |
f |
f |
|p ric
|a Texas A&M University
|b Rellis Campus
|c Joint Library Facility
|d Remote Storage
|t 0
|e HE8846.E95 R63 1997
|h Library of Congress classification
|i unmediated -- volume
|m A14822444455
|
| 998 |
f |
f |
|a HE8846.E95 R63 1997
|t 0
|l Remote Storage
|